000 01052nam0a22002771 4500
001 v19\rc\1972032
005 20251118181120.2
035 _a(NLR Aleph) 005056428
090 _a6949588
_c6949588
100 _a20080623d1914 |||y0rusy50 ba
101 0 _arus
_afre
102 _aRU
105 _ay z |||||
200 1 _aLe français à la poste
_eУчеб. фр. яз. для почтово-телегр. чиновников
_eПракт. руководство с слов.
_fБ. Заба, преп. фр. яз. при курсах Екатериносл. почтово-телегр. конторы
210 _aЕкатеринослав
_cтип. И. Коган
_d1914
215 _a188 с.
_d20
300 _aТит. л. на фр. яз. Описано по обл.
700 1 _aЗаба
_bБ. Ю.
_gБелинда Юлиановна
801 0 _aRU
_bNLR
_gpsbo
801 0 _aRU
_bRuMoRGB
_2psbo
801 1 _aRU
_bProSoft-M
_2rusmarc
852 _aNLR
_j37.68.6.23
899 _aRuMoRGB
_jV 36/74
899 _aБАН
942 _cBOOK
980 _aNB